Оптически прозрачная керамика (обзор); Стекло и керамика; № 4

Bibliografische gegevens
Parent link:Стекло и керамика.— , 1925-
№ 4.— 2016.— [С. 3-10]
Coauteur: Национальный исследовательский Томский политехнический университет
Andere auteurs: Качаев А. А. Артём Алексеевич, Гращенков Д. В. Денис Вячеславович, Лебедева Ю. Е. Юлия Евгеньевна, Солнцев С. С. Сергей Станиславович, Хасанов О. Л. Олег Леонидович
Samenvatting:Заглавие с экрана
Рассмотрены особенности изготовления оптически прозрачных керамических материалов для различных сфер применения. Описаны технологии компактирования и спекания прозрачной керамики, включая холодное прессование с последующим спеканием в различных средах, горячее прессование, горячее изостатическое прессование, искровое плазменное спекание и шликерное литье.
Режим доступа: по договору с организацией-держателем ресурса
Taal:Russisch
Gepubliceerd in: 2016
Reeks:Стеклокерамические материалы
Onderwerpen:
Online toegang:http://elibrary.ru/item.asp?id=26698557
Formaat: Elektronisch Hoofdstuk
KOHA link:https://koha.lib.tpu.ru/cgi-bin/koha/opac-detail.pl?biblionumber=651074

MARC

LEADER 00000naa0a2200000 4500
001 651074
005 20251124163227.0
035 |a (RuTPU)RU\TPU\network\16323 
090 |a 651074 
100 |a 20161101d2016 k||y0rusy50 ca 
101 0 |a rus 
102 |a RU 
135 |a drcn ---uucaa 
181 0 |a i  
182 0 |a b 
200 1 |a Оптически прозрачная керамика (обзор)  |f А. А. Качаев [и др.] 
203 |a Текст  |c электронный 
225 1 |a Стеклокерамические материалы 
300 |a Заглавие с экрана 
320 |a [Библиогр.: 41 назв.] 
330 |a Рассмотрены особенности изготовления оптически прозрачных керамических материалов для различных сфер применения. Описаны технологии компактирования и спекания прозрачной керамики, включая холодное прессование с последующим спеканием в различных средах, горячее прессование, горячее изостатическое прессование, искровое плазменное спекание и шликерное литье. 
333 |a Режим доступа: по договору с организацией-держателем ресурса 
461 |t Стекло и керамика  |d 1925- 
463 |t № 4  |v [С. 3-10]  |d 2016 
610 1 |a электронный ресурс 
610 1 |a труды учёных ТПУ 
610 1 |a прозрачная керамика 
610 1 |a оптические свойства 
610 1 |a искровое плазменное спекание 
610 1 |a шликерное литье 
701 1 |a Качаев  |b А. А.  |g Артём Алексеевич 
701 1 |a Гращенков  |b Д. В.  |g Денис Вячеславович 
701 1 |a Лебедева  |b Ю. Е.  |g Юлия Евгеньевна 
701 1 |a Солнцев  |b С. С.  |g Сергей Станиславович 
701 1 |a Хасанов  |b О. Л.  |c физик, специалист в области наноматериалов  |c профессор Томского политехнического университета, доктор технических наук  |c директор Нано-Центра ТПУ, заведующий кафедрой наноматериалов и нанотехнологий  |f 1958-  |g Олег Леонидович  |3 (RuTPU)RU\TPU\pers\26436  |9 12140 
712 0 2 |a Национальный исследовательский Томский политехнический университет  |c (2009- )  |9 26305 
801 2 |a RU  |b 63413507  |c 20161101  |g RCR 
856 4 |u http://elibrary.ru/item.asp?id=26698557 
942 |c CF